000 00408nam a2200145Ia 4500
008 230917s9999||||xx |||||||||||||| ||und||
040 _e78863
_aMAIN
041 _aEnglish
082 _a343.087 G646L
100 _aGopalakrishnan, K C
245 0 _aLegal economics: international dimensions of economics and law:for law students
260 _aLucknow
_bEastern
_c1998
300 _axii, 535 p.
942 _cBK
999 _c91996
_d91996